00670cam a22002291 4500001001300000003000400013005001700017008004100034010001700075035002000092040002300112050002400135100002300159245007900182250003100261260003500292300001900327546001400346504003100360600003200391999001700423sa 67002195 DLC20260227112329.0891214s1965 ii b 000 0 hino  asa 67002195  a(OCoLC)20784645 aDLCcWaUdNRUdDLC00aPK2095.T8bZ75 19651 aMadan, Indar Nath.10aTulasīdāsa:bcintana aura kalā.cSampādana: Indranātha Madāna. a[2. nayā saṃskaraṇa] aDillī,bRājapālac[1965] a297 p.c19 cm. aIn Hindi. aBibliographical footnotes.00aTulasīdāsa,d1532-1623. c73110d73110